| 000 | 00718nam a22002297a 4500 | ||
|---|---|---|---|
| 999 |
_c7547 _d7547 |
||
| 003 | AR-CdUCM | ||
| 008 | 190320b ||||| |||| 00| 0 spa d | ||
| 040 |
_aMUNICIPALIDAD PROVINCIAL DEL CUSCO _cBIBLIOTECA MUNICIPAL DEL CUSCO |
||
| 041 | _hfr | ||
| 082 |
_a326.9 / _bL45 |
||
| 100 |
_aLengelle, Maurice _921304 |
||
| 245 | _aLa esclavitud / | ||
| 260 |
_aBarcelona : _bOikos-Tau, _c1971. |
||
| 300 |
_a124 páginas ; _c17 cm. |
||
| 440 |
_aColección ¿Qué sé? _n35 _921305 |
||
| 505 | _aContenido: Análisis de la institución esclavista -- Historia de la esclavitud. | ||
| 650 |
_aEsclavitud _9802 |
||
| 650 |
_aHistoria _9136 |
||
| 650 |
_aSistema esclavista _921306 |
||
| 942 |
_2ddc _cLIBROS |
||
| 945 | _adavv | ||